Państwa Australii i Oceanii na mapie - ostatnie 2 litery - Statystyki

Ogólne statystyki
  • Ten quiz został rozwiązany 35 razy
  • Średni wynik to 13 z 14
Odpowiedzi na mapie
Odpowiedzi zakodowano w zielono-czerwonej skali na mapie do tego quizu, zgodnie z poniższymi procentami.
 
Statystyki odpowiedzi
Odpowiedź % Poprawnych
Australia
100%
Nowa Zelandia
100%
Tuvalu
100%
Fidżi
96%
Kiribati
96%
Nauru
96%
Palau
96%
Papua Nowa Gwinea
96%
Vanuatu
96%
Wyspy Salomona
96%
Mikronezja
92%
Wyspy Marshalla
88%
Samoa
85%
Tonga
85%
Nie znaleziono quizów pasujących do podanych kryteriów
Rozkład punktacji
Procent ludzi z każdym wynikiem
Percentyl według liczby udzielonych odpowiedzi
Twoja historia wyników
Nie rozwiązałeś tego quizu